Fundamentals of graphics communication / (Record no. 13279)

000 -LEADER
fixed length control field 01173cam a2200277 a 4500
001 - CONTROL NUMBER
control field 4490961
005 - DATE AND TIME OF LATEST TRANSACTION
control field 20180519020044.0
008 - FIXED-LENGTH DATA ELEMENTS--GENERAL INFORMATION
fixed length control field 970917s1998 maua 001 0 eng
010 ## - LIBRARY OF CONGRESS CONTROL NUMBER
LC control number 97038383
020 ## - INTERNATIONAL STANDARD BOOK NUMBER
International Standard Book Number 0072892013
040 ## - CATALOGING SOURCE
Original cataloging agency DLC
Transcribing agency DLC
Modifying agency DLC
050 00 - LIBRARY OF CONGRESS CALL NUMBER
Classification number T353.F976 1998
Item number .F976 1998
082 00 - DEWEY DECIMAL CLASSIFICATION NUMBER
Edition number 21
245 00 - TITLE STATEMENT
Title Fundamentals of graphics communication /
Statement of responsibility, etc. Gary R. Bertoline, Eric N. Wiebe, Craig L. Miller ; with contributions from Leonard O. Nasman.
250 ## - EDITION STATEMENT
Edition statement 2nd ed.
260 ## - PUBLICATION, DISTRIBUTION, ETC. (IMPRINT)
Place of publication, distribution, etc. Boston, Mass. :
Name of publisher, distributor, etc. WCB/McGraw-Hill,
Date of publication, distribution, etc. c1998.
300 ## - PHYSICAL DESCRIPTION
Extent xix, 664, [63] p. :
Other physical details ill. (some col.) ;
Dimensions 27 cm. +
Accompanying material 1 computer laser optical disc (4 3/4 in.)
440 #0 - SERIES STATEMENT/ADDED ENTRY--TITLE
Title Irwin graphics series
500 ## - GENERAL NOTE
General note Includes index.
538 ## - SYSTEM DETAILS NOTE
System details note System requirements for accompanying computer disks: IBM PC or compatible system; DOS 3.1 or higher; CADKey 4.0 or higher.
650 #0 - SUBJECT ADDED ENTRY--TOPICAL TERM
Topical term or geographic name as entry element Engineering graphics.
700 1# - ADDED ENTRY--PERSONAL NAME
Personal name Bertoline, Gary R.
906 ## - LOCAL DATA ELEMENT F, LDF (RLIN)
a 7
b cbc
c orignew
d 1
e ocip
f 19
g y-gencatlg
942 ## - ADDED ENTRY ELEMENTS (KOHA)
Source of classification or shelving scheme
Koha item type Hard Covered Materials
Classification part T353.F976 1998
Koha issues (borrowed), all copies 2
Holdings
Withdrawn status Lost status Source of classification or shelving scheme Damaged status Not for loan Home library Current library Shelving location Date acquired Source of acquisition Total Checkouts Full call number Barcode Date last seen Date last checked out Price effective from Koha item type
          MACHAKOS UNIVERSITY LIBRARY MACHAKOS UNIVERSITY LIBRARY Open shelf 10/08/2016 Donation (BFA) 2 T353.F976 1998 24732 11/02/2019 18/05/2018 10/08/2016 Hard Covered Materials
© Machakos University Library, Along The Highway, Machakos Wote Rd, Machakos, Kenya P.O. Box 136 - 90100 Machakos - Kenya

Tel: ( +254 ) 723 805829 OR Fax : 044-20353 OR Email: library@mksu.ac.ke